International Literary Market Place ILMP 1992 The Directory of the International Book Publishing Industry 160 Countries Covered

Saved in:
Bibliographic Details
Format: Book
Language:English
Published: New Providence Bowker 1991
Subjects:
Tags: Add Tag
No Tags, Be the first to tag this record!

MARC

LEADER 00000nam a2200000 4500
001 c018839
005 20260310104946.1
020 |a 0-8352-3094-5 
041 0 |a eng 
044 |a US 
245 1 0 |a International Literary Market Place ILMP 1992  |b The Directory of the International Book Publishing Industry 160 Countries Covered 
264 1 |a New Providence  |b Bowker  |c 1991 
300 |a 824 s. 
610 2 0 |a vydavateľstvá 
610 2 0 |a USA 
610 2 0 |a agentúry 
610 2 0 |a literatúra 
610 2 0 |a knižnice 
610 2 0 |a spoločnosti 
610 2 0 |a trh medzinárodný